Telling and Duxbury's planning law and procedure (Record no. 104455)

MARC details
000 -LEADER
fixed length control field 02680cam a2200529 4500
001 - CONTROL NUMBER
control field ##L130131
008 - FIXED-LENGTH DATA ELEMENTS--GENERAL INFORMATION
fixed length control field 050727n2005 000 0 eng u
020 ## - INTERNATIONAL STANDARD BOOK NUMBER
International Standard Book Number 0199288046
035 ## - SYSTEM CONTROL NUMBER
System control number (Sirsi) u130431
041 0# - LANGUAGE CODE
Language code of text/sound track or separate title en
050 04 - LIBRARY OF CONGRESS CALL NUMBER
Classification number 711.026 $2 18
100 1# - MAIN ENTRY--PERSONAL NAME
Personal name Duxbury, Robert
245 00 - TITLE STATEMENT
Title Telling and Duxbury's planning law and procedure
250 ## - EDITION STATEMENT
Edition statement 13th ed.
260 ## - PUBLICATION, DISTRIBUTION, ETC.
Place of publication, distribution, etc. Oxford
Name of publisher, distributor, etc. OUP
Date of publication, distribution, etc. 2005
300 ## - PHYSICAL DESCRIPTION
Extent xxxviii, 442p, 24cm.
350 ## - PRICE (NR) (BK AM CF MU VM SE) [OBSOLETE]
Price 26.99
505 0# - FORMATTED CONTENTS NOTE
Formatted contents note Historical development of planning law
505 0# - FORMATTED CONTENTS NOTE
Formatted contents note Basis and objects of modern planning law
505 0# - FORMATTED CONTENTS NOTE
Formatted contents note Central and local administration
505 0# - FORMATTED CONTENTS NOTE
Formatted contents note Development plans before the Planning and Compulsory Purchase Act 2004
505 0# - FORMATTED CONTENTS NOTE
Formatted contents note Development plans after the Planning and Compulsory Purchase Act 2004
505 0# - FORMATTED CONTENTS NOTE
Formatted contents note Definition of development
505 0# - FORMATTED CONTENTS NOTE
Formatted contents note Planning permission: permitted development
505 0# - FORMATTED CONTENTS NOTE
Formatted contents note Planning permission: express permission
505 0# - FORMATTED CONTENTS NOTE
Formatted contents note Environmental impact assessment and strategic environmental impact assessment
505 0# - FORMATTED CONTENTS NOTE
Formatted contents note Planning permission: further considerations
505 0# - FORMATTED CONTENTS NOTE
Formatted contents note Revocation or modification of existing rights
505 0# - FORMATTED CONTENTS NOTE
Formatted contents note Enforcement of planning control
505 0# - FORMATTED CONTENTS NOTE
Formatted contents note Planning agreements, obligations, and contributions
505 0# - FORMATTED CONTENTS NOTE
Formatted contents note Purchase notices and blight notices
505 0# - FORMATTED CONTENTS NOTE
Formatted contents note Special forms of control
505 0# - FORMATTED CONTENTS NOTE
Formatted contents note Buildings of special interest and conservation areas
505 0# - FORMATTED CONTENTS NOTE
Formatted contents note Special cases
505 0# - FORMATTED CONTENTS NOTE
Formatted contents note Planning control and natural habitats
505 0# - FORMATTED CONTENTS NOTE
Formatted contents note Planning appeals
505 0# - FORMATTED CONTENTS NOTE
Formatted contents note Review by the courts and the ombudsman
505 0# - FORMATTED CONTENTS NOTE
Formatted contents note Planning compensation
520 ## - SUMMARY, ETC.
Summary, etc. A concise and accessible guide to the complexities of planning law. Covers the fundamentals of planning law in England and Wales and analyses the key statutory provisions and relevant case law. This rigorously updated edition includes the changes introduced by the Planning and Compulsory Purchase Act 2004 in the areas of local and sustainable development, the amendments to the Use Classes Order, simplified planning zones and the abolition of Crown immunity. New legislation covered includes the Planning and Compulsory Act 2004 and the Strategic Environmental Assessment Regulations 2004. The law and practice is stated as at 1 May 2005.
520 ## - SUMMARY, ETC.
Summary, etc. Supersedes the 12th ed. (ISBN 0406947961).
590 ## - LOCAL NOTE (RLIN)
Local note IKA111005
650 24 - SUBJECT ADDED ENTRY--TOPICAL TERM
Topical term or geographic name entry element PLANNING AND COMPULSORY PURCHASE ACT 2004
650 24 - SUBJECT ADDED ENTRY--TOPICAL TERM
Topical term or geographic name entry element STRATEGIC ENVIRONMENTAL ASSESSMENT REGULATIONS 2004
650 24 - SUBJECT ADDED ENTRY--TOPICAL TERM
Topical term or geographic name entry element TOWN AND COUNTRY PLANNING (USE CLASSES) ORDER 1987
690 ## - LOCAL SUBJECT ADDED ENTRY--TOPICAL TERM (OCLC, RLIN)
Topical term or geographic name as entry element ENVIRONMENTAL AND LAND CONSULTANCY-PLANNING AND DEVELOPMENT
942 ## - ADDED ENTRY ELEMENTS (KOHA)
Suppress in OPAC 0
Holdings
Withdrawn status Lost status Source of classification or shelving scheme Damaged status Not for loan Home library Current library Shelving location Date acquired Cost, normal purchase price Total Checkouts Full call number Barcode Date last seen Date last checked out Copy number Cost, replacement price Price effective from Koha item type
    Dewey Decimal Classification     London London Basement 17/07/2007 29.95 17 BASEMENT 30074031 06/08/2019 01/12/2009 2 29.95 06/08/2019 Book